Brands by Pictures #4 - Statistics

General Stats
  • This quiz has been taken 4 times
  • The average score is 13 of 16
Answer Stats
Picture Answer % Correct
Dairy Queen
100%
Domino's
100%
KFC
100%
Lego
100%
Pepsi
100%
Pizza Hut
100%
Playboy
100%
Pringles
100%
Taco Bell
100%
Coca Cola
75%
Converse
75%
Lays
50%
Popeyes
50%
Vodafone
50%
Viglacera
25%
Vinfast
25%
No matching quizzes found
Score Distribution
Percent of People with Each Score
Percentile by Number Answered
Your Score History
You have not taken this quiz